000 00525nam a2200181Ia 4500
001 20288
005 20260306172755.0
008 260306t2017||||xx |||||||||||||| ||spa||
041 _aESP
082 _a343.1
_bM86
100 _aMorales Saravia, Francisco
_eAUT
245 0 _aLos precedentes constitucionales vinculantes y su aplicación por el TC:
_banálisis jurisprudencial de la última década
260 _c2017
300 _a182 páginas :
_c24 cm.
650 _aGEN
654 _aCDE
942 _cLIB
_dJUS
_fJUS
_2ddc
_n
999 _c20288
_d20288